Korózne praskanie pod napätím Zn a Zn zliatin
Saved in:
| Main Author: | |
|---|---|
| Other Authors: | |
| Format: | Manuscript Book |
| Language: | Slovak |
| Published: |
2024
|
| Subjects: | |
| Online Access: | http://is.stuba.sk/zp/portal_zp.pl?podrobnosti=179315 |
| Tags: |
No Tags, Be the first to tag this record!
|
MARC
| LEADER | 00000ntm a22000003a 4500 | ||
|---|---|---|---|
| 001 | stuzp99268 | ||
| 003 | SK-STU | ||
| 005 | 20240608212955.1 | ||
| 007 | ta | ||
| 008 | 150427s2015----xo-----f-mn---000-0-slo-d | ||
| 040 | |a STU |b slo | ||
| 041 | 0 | |a slo | |
| 100 | 1 | |a Filo, Tomáš |u 061000 |4 aut |U MTF Materiálovotechnologická fakulta |T MTF Ústav materiálov |X 106275 |U M1000 |Y 81 |7 106275 | |
| 242 | 0 | 1 | |a Stress corrosion cracking of Zn and Zn alloys |y eng |
| 245 | 1 | 0 | |a Korózne praskanie pod napätím Zn a Zn zliatin |
| 260 | |c 2024 | ||
| 650 | 4 | |a žiarové zinkovanie |2 slo | |
| 650 | 4 | |a zliatiny pre žiarové zinkovanie |2 slo | |
| 650 | 4 | |a korózne praskanie pod napätím |2 slo | |
| 650 | 4 | |a hot-dip galvanizing |2 eng | |
| 650 | 4 | |a alloys for hot-dip galvanizing |2 eng | |
| 650 | 4 | |a stress corrosion cracking |2 eng | |
| 700 | 1 | |a Kusý, Martin |u 061000 |k Z1 |4 ths |U MTF Materiálovotechnologická fakulta |T MTF Ústav materiálov |X 2764 |U M1000 |Y 81 |7 A000002764 | |
| 856 | 4 | |u http://is.stuba.sk/zp/portal_zp.pl?podrobnosti=179315 | |
| 996 | |c M* DP-15302 |l MMSKP |s P |a 0 |w stuzp99268_0001 | ||